000 00473nam a2200121Ia 4500
008 171212s9999 xx 000 0 und d
020 _a9781447312529
100 _aClarke, John;Coll, Kathleen;Dagnino, Evelina;Neveu, Catherine
245 _cClarke, John;Coll, Kathleen;Dagnino, Evelina;Neveu, Catherine
_aDisputing Citizenship
260 _bPolicy Press at the University of Bristol
_c2014
650 _aPolitical Science
856 _uhttp://www.jstor.org/stable/j.ctt9qgzqg
999 _c351623
_d351623